Culture Générale - Série 1731 - Statistiques

Statistiques générales
  • Ce quiz a été pris 164 fois
  • Le résultat moyen est 6 sur 10
Statistiques - réponses
Question Réponse % Correct
Quelle est la forme de l’Italie ? botte
99%
Dans quelle ville Jeanne d'Arc fut-elle brûlée ? Rouen
84%
Dans quelle ville australienne se déroule chaque année l'un des 4 tournois du Grand Chelem de tennis ? Melbourne
66%
Dans quelle ville italienne se trouve la tour Pirelli ? Milan
66%
Quelle est la fleur nationale de l'Autriche ? edelweiss
58%
Le 3 juillet 1608, l'explorateur français Samuel de Champlain, a fondé la ville de ... Québec
55%
Dans quelle ville européenne se trouve le pont Felipe II ? Barcelone
54%
Quel est le chef-lieu du département de l’Allier ? Moulins
52%
Qui a peint le tableau "Naissance de Vénus" ? Sandro Boticelli
39%
Qui chante "Géant', en 1979 ? Alain Chamfort
8%
Aucun quiz correspondant
Distribution des résultats
% des personnes avec chaque résultat
Percentile par nombre de réponses
Votre historique - résultats
Vous n’avez pas pris ce quiz